000 00352cam a22001217a 4500
008 180718b1972 xxu||||| |||| 00| 0 eng d
082 _aA72x47 J156
100 _aJacoby, Susan
245 _aMoscow Conversations
_cby Susan Jacoby
260 _aNew York
_bCoward, McCann & Geoghegan
_c1972
300 _a287p.
650 _aU.S.S.R. - Description and travel
999 _c346888
_d346888